=LDR 00000nam 2200000 4500 =001 INLIS000000000020815 =005 20130612115732 =008 ***********************************Ind** =035 ##$$0010-061300000020815 =041 ##$$a Ind =082 ##$$a 372.6 =090 ##$$a 372.6, Ang b =100 ##$$a Angelia, Tia =245 ##$$a Belajar menulis dan mewarnai sesuai GBPPTK, Tia Angelia =260 ##$$a (s.a) $b Suarabaya =300 ##$$a 32 hlm., ilus., 21 cm =650 ##$$a Belajar Menulis =850 ##$$a NBPNMAT